000 01997cam a22004694i 4500
003 PE-LiUPU
005 20250731173423.0
008 150706s r 000 0 d
020 _a9780829760262
035 _a(Sirsi) i9780829760262
040 _aPE-LiUPU
_bspa
_cPE-LiUPU
_erda
049 _aPRUA
082 0 4 _a248.4
_bA71
_221
100 1 _aArgeñal Rodríguez, Misael,
_eautor.
245 1 0 _aCrónicas de una gran cosecha /
_cMisael Argeñal Rodríguez.
264 1 _aMiami, Florida :
_bVida,
_c2012.
300 _a174 páginas ;
_c22 cm.
336 _atext
_2rdacontent
337 _aunmediated
_2rdamedia
338 _avolume
_2rdacarrier
505 0 _aReminiscencias -- Marcas y huellas -- Mentor de generaciones -- La conquista del territorio -- Escalando a otro nivel -- La visión y su desarrollo -- Un paso gigantesco -- La presencia de Dios -- Edificios y desarrollo de la visión -- Un mayor conocimiento de Dios -- La intercesión en el ministerio -- La conquista de la ciudad -- Cruzadas evangelísticas -- El trabajo en equipo -- Grandes peligros -- Multiplicación de líderes e iglesias -- El altar generacional -- La esposa en el ministerio.
526 _aSEG42
526 _aSEG41
526 _aSEG40
526 _aSEG39
526 _aP94
526 _aP87
526 _aP86
526 _aP85
526 _aP77
526 _aP76
526 _aP35
541 _g001-0000604;
650 0 4 _aVida cristiana.
700 1 _aDíaz, Madeline,
_eed.
910 _agl
_bjv
_clch
_d20121028
942 _2ddc
_cBOOK
949 _a248.4 A71
_wDEWEY
_c1
_i65672
_lCCODEBUL1
_mBUL
_p23.00
_r0
_sY
_tBOOK
_u2015-7-6
_xTEOLOGIA
_PP35
_o.STAFF. Colección General
994 _aC0
_bPEPRU
596 _a1
999 _a248.4 A71
_wDEWEY
_c54107
_i65672
_f2021-11-10
_g5
_lCCODEBUL1
_mBUL
_p23.00
_r0
_sY
_tBOOK
_u2015-7-6
_xTEOLOGIA
_PP35
_0COMPRA
_o.STAFF. Colección General
_d54107
980 _81
_gALBERTO SANCHEZ Responsable de Automatización